O neposlušném jezevčíkovi /

Hlavní autor: Benešová, Alena
Další autoři: Godlewski, Artur, 1964-
Jazyk: Čeština
Vydáno: [Říčany u Prahy] : Junior, [2000]
Vydání: České vyd.
Témata:
Fyzický popis: 48 s. : il. ; 23 cm
Knihy
Uloženo v:
LEADER 01203nam a2200349 a 4500
001 000549121
003 CZ BrMZK
005 20250319110743.0
007 ta
008 010907s2000 xr a j cze d
015 |a cnb000987160 
020 |a 80-7267-020-4 
035 |a (OCoLC)46963797 
040 |a BOA001  |b cze 
072 7 |a 821.162.3-3  |x Česká próza  |2 Konspekt  |9 25 
072 7 |a 821-93  |x Literatura pro děti a mládež (beletrie)  |2 Konspekt  |9 26 
080 |a 821.162.3-32  |2 MRF 
080 |a 821-93  |2 MRF 
080 |a (0:82-32)  |2 MRF 
100 1 |a Benešová, Alena  |7 jk01011655 
245 1 0 |a O neposlušném jezevčíkovi /  |c [text Alena Benešová ; ilustrace Artur Godlewski] 
250 |a České vyd. 
260 |a [Říčany u Prahy] :  |b Junior,  |c [2000] 
300 |a 48 s. :  |b il. ;  |c 23 cm 
655 7 |a české příběhy  |7 fd133973  |2 czenas 
655 7 |a publikace pro děti  |7 fd133156  |2 czenas 
655 9 |a Czech stories  |2 eczenas 
655 9 |a children's literature  |2 eczenas 
700 1 |a Godlewski, Artur,  |d 1964-  |7 mzk2006343043 
910 |a BOA001  |b 2-1082.036 
990 |a BK 
996 6 |b 2610129107  |c 2-1082.036  |l MZK  |r Sklad / do 1 hodiny  |n 1  |p p.v.  |w 000549121  |u 000010  |a 1  |e BOA001  |j MZK50  |s P